| 000 | 00832nam a2200217 a 4500 | ||
|---|---|---|---|
| 001 | 000047967 | ||
| 005 | 20240409180111.0 | ||
| 008 | 100909s1981 dr c 000 0 spa d | ||
| 020 | _a8484000222 | ||
| 040 |
_aDO-SdBNP _bspa _cBNPHU |
||
| 082 |
_a972.9304 _bA669h, 1981 |
||
| 100 | 1 |
_aArchambault, Pedro M., _q(Pedro María) _92398 |
|
| 245 | 1 | 0 |
_aHistoria de la restauración / _cPedro M. Archambault ; prólogo Rafael Vidal. |
| 250 | _a4a ed. | ||
| 260 |
_aSanto Domingo : _bEditora Taller, _c1981. |
||
| 300 |
_a352 p. : _bil.,retrs. ; _c23 cm. |
||
| 500 | _aIncluye facsímil de la portada de la edición publicada en: París: La Librairie Technique et Economique, 1938. | ||
| 590 | _aInventariado, 2018/VM | ||
| 651 | 0 |
_aREPÚBLICA DOMINICANA _xHISTORIA _yRESTAURACIÓN 1863-1865 _9896 |
|
| 700 | 1 | 2 |
_aVidal, Rafael, _epról. _92400 |
| 999 |
_c47455 _d47455 |
||